Central Library OPAC University of Rajshahi

Front cover image for مثنوى پس چه بايد کرد اى اقوام شرق ؛ مع مسافر مثنوى پس چه بايد کرد اى اقوام شرق ؛ مع مسافر / Mas̲navī-i Pas chih bāyad kard aqvām-i Sharq ; maʿa Musāfir / (Record no. 82332)

MARC details
000 -LEADER
fixed length control field 00865nam a2200217 4500
001 - CONTROL NUMBER
control field 82332
003 - CONTROL NUMBER IDENTIFIER
rucl marc code BD-RjUL
005 - DATE AND TIME OF LATEST TRANSACTION
control field 20231123105108.0
008 - FIXED-LENGTH DATA ELEMENTS--GENERAL INFORMATION
fixed length control field 231123s1964 pk ||||| |||| 00| 0 per d
035 ## - SYSTEM CONTROL NUMBER
System control number (BD-RjUL)82332
040 ## - CATALOGING SOURCE
Original cataloging agency BD-RjUL
Language of cataloging eng
Transcribing agency BD-RjUL
041 ## - LANGUAGE CODE
Language code of text/sound track or separate title per
082 ## - DEWEY DECIMAL CLASSIFICATION NUMBER
Edition number 23
Classification number 891.551
Author mark and year IQM 1964
100 ## - MAIN ENTRY--PERSONAL NAME
Personal name اقبال، محمد ;; Muhammad Iqbal
9 (RLIN) 10152
245 10 - TITLE STATEMENT
Title Front cover image for مثنوى پس چه بايد کرد اى اقوام شرق ؛ مع مسافر مثنوى پس چه بايد کرد اى اقوام شرق ؛ مع مسافر / Mas̲navī-i Pas chih bāyad kard aqvām-i Sharq ; maʿa Musāfir /
Statement of responsibility, etc. Muḥammad Iqbāl (Creator)
250 ## - EDITION STATEMENT
Edition statement 5th.ed.
260 ## - PUBLICATION, DISTRIBUTION, ETC. (IMPRINT)
Place of publication, distribution, etc. Lāhaur:
Name of publisher, distributor, etc. شيخ غلام على،, Shaik̲h̲ G̲h̲ulām ʿAlī,
Date of publication, distribution, etc. 1964
300 ## - PHYSICAL DESCRIPTION
Pagination 71 p. ;
Size 21 cm
650 ## - SUBJECT ADDED ENTRY--TOPICAL TERM
Topical term or geographic name as entry element Persian Poetry
942 ## - ADDED ENTRY ELEMENTS (KOHA)
Source of classification or shelving scheme Dewey Decimal Classification
Koha item type Books
Holdings
Lost status Source of classification or shelving scheme Damaged status Not for loan Collection code Permanent Location Current Location Shelving location Date acquired Source of acquisition Cost, normal purchase price Total Checkouts Full call number Date last seen Copy number Koha item type
  Dewey Decimal Classification   Not For Loan Non-fiction Central Library, University of Rajshahi Central Library, University of Rajshahi Reading Room 13/10/1973 Quran manjil, Rajshahi 4.00   F 891.551 IQM 1964 23/11/2023 C-1 Books